header

Pig production (Record no. 187254)

MARC details
000 -LEADER
fixed length control field 01203nam a2200325 a 4500
100 1# - MAIN ENTRY--AUTHOR NAME
Personal name Bhat, P. N.
245 10 - TITLE STATEMENT
Title Pig production
260 ## - PUBLICATION, DISTRIBUTION, ETC. (IMPRINT)
Place of publication New Delhi, India :
Name of publisher Studium Press Pvt. Ltd.,
Year of publication 2010.
300 ## - PHYSICAL DESCRIPTION
Number of Pages 545 p. :
Other physical details ill. (some col.), port.
650 #0 - SUBJECT ADDED ENTRY--TOPICAL TERM
Topical Term Swine
Topical Term Swine
700 1# - ADDED ENTRY--PERSONAL NAME
Personal name Mohan, N. H.
Personal name Deo, Sukh.
856 40 - ELECTRONIC LOCATION AND ACCESS
Uniform Resource Identifier http://site.ebrary.com/lib/rucke/Doc?id=10417550

No items available.

© 2026 Rongo University
Contact us: librarian | system librarian | Rongo university